000 00641nam a22001937a 4500
005 20251108165333.0
008 250721s2001 xx 000 0 ara d
082 1 4 _a321.956402/جوب
100 1 _aجوبسر، بيتز
245 1 0 _aالنظام السياسي الإسرئيلي الجذور و المؤسسات و التوجهيات /
264 1 _aأبوظبي :
_bمركز الامارات للدراسات،
_c2001.
300 _a25ص
490 0 _aمحاضرات الإمارات
_v48
650 1 7 _aالأنظمة السياسية
650 1 7 _aالدولة
650 1 7 _aإسرائيل
942 _2ddc
_cBK
999 _c25453
_d25453